01324nam a2200265 i 4500001000700000003000900007005001700016008004100033020002200074080002100096100004100117245010700158260006200265300003000327490002200357490004500379505031200424700002800736700004700764830003000811830005300841852002200894999001900916952012300935180320ES-MaACL20240529101717.0120528s2007 sp | |||||||| | spa d a978-84-96452-37-4 a821.134.2-22"16"1 aMolina, Tirso de,d1579-1648922652210aTercera parte de las comedias / cTirso de Molina ; edición de Mª del Pilar Palomo y Isabel Prieto. aMadrid : bFundación José Antonio de Castro, c[2007] aXXXVI, 1299 p. ; c23 cm.1 aBiblioteca Castro1 aObras completas de Tirso de Molina ; v58 aContiene: Del enemigo, el primer consejo. No hay peor sordo... La mejor espigadera. Averígüelo Vargas. La elección por la virtud. Ventura te dé Dios, hijo. La prudencia en la mujer. La venganza de Tamar. La villana de la Sagra. El amor y el amistad. La fingida Arcadia. La huerta de Juan Fernández1 aPrieto, Isabel.91501411 aPalomo, María del Pilar, d1933-91446160 aBiblioteca Castro91789570 aObras completas de Tirso de Molina ; v59191247 aES-MaACLjL-29900 c180320d180320 00104070aATENEOMbATENEOMcDEPO2d2012-05-28eDONl0oL-29900p1189475r2023-02-23 00:00:00w2023-02-23yMONOGRAFIA